Welcome to the Holygrace Academy Library

Please use search bar below to get started

A HAND BOOK ON ENGLISH GRAMMAR & COMPREHENSION (Record no. 3755)

MARC details
000 -LEADER
fixed length control field 00323nam a22001337a 4500
020 ## - INTERNATIONAL STANDARD BOOK NUMBER
ISBN 978-93-5187-269-6
082 ## - DEWEY DECIMAL CLASSIFICATION NUMBER
Classification number 9869
Item number 425
100 ## - MAIN ENTRY--AUTHOR NAME
Personal name BALASUBRAMANIAN, JAYASRI
245 ## - TITLE STATEMENT
Title A HAND BOOK ON ENGLISH GRAMMAR & COMPREHENSION
260 ## - PUBLICATION, DISTRIBUTION, ETC. (IMPRINT)
Name of publisher UNIQUE PUBLISHERS
300 ## - PHYSICAL DESCRIPTION
Number of Pages 247
650 ## - SUBJECT ADDED ENTRY--TOPICAL TERM
Topical Term ENGLISH GRAMMAR
942 ## - ADDED ENTRY ELEMENTS (KOHA)
Koha item type Books
Holdings
Withdrawn status Lost status Collection code Home library Current library Shelving location Date acquired Source of acquisition Cost, normal purchase price Full call number Accession Number Koha item type
    Reference Main Library Main Library SHELF-16C -ENGLISH GRAMMAR SYNONYMS7ANTONYMS,LETTERS, ETC 08/11/2016 PURCHASE 189.00 9869 425 09869 Books